000 00186 a2200097 4500
020 _a9781426714368
041 _aeng
100 _aDaley, Margaret
245 _aScorned justice
942 _cBK
999 _c6024
_d6024